000 00464nam a2200181Ia 4500
001 18551
005 20260306171639.0
008 260306s9999||||xx |||||||||||||| ||und||
041 _aESP
082 _a658.408
_bM81 2007
100 _aMolteni, Mario
_eAUT
245 0 _aResponsabilidad social y resultados de empresa:
_bHacia una síntesis sociocompetitiva
260 _c2007
300 _a
_c
650 _aGEN
654 _aCAN
942 _cLIB
_dJUS
_fJUS
_2ddc
_n
999 _c18551
_d18551